000 00890nam a22002537a 4500
003 BPGM
005 20260627203024.0
008 260618e1987 mx ||||g |||| 001 0 spa d
020 _a968-6140-18-2
040 _aBPGM
_bspa
041 _aspa
_hspa
082 0 4 _2CQ / 972.45/ V47
100 _aVERGARA HERNANDEZ, JOSEFA MARIA
_eAUTOR
245 _aTESTAMENTO
250 _aPRIMERA EDICION;
_b1887,
260 _aMEXICO;
_bDOCUMNTOS DE QUERETARO,
_c1987.
300 _a225 paginas;
_b21 cm x 14 cm.
336 _2rdacontent
_atexto
_btxt
337 _2rdamedia
_asin mediación
_bn
338 _2rdacarrier
_avolumen
_bnc
505 _a Otorgado en el siglo XIX y publicado en 1842, refleja la vida, creencias y generosidad de esta benefactora, quien destinó gran parte de su fortuna a obras públicas y religiosas en la ciudad.
650 _2GEOGRAFÍA E HISTORIA
942 _2ddc
_cCOLQ
999 _c68642
_d68642